UPSC 2026 (Record no. 138222)

MARC details
000 -LEADER
fixed length control field 00536nam a22001697a 4500
003 - CONTROL NUMBER IDENTIFIER
control field OSt
005 - DATE AND TIME OF LATEST TRANSACTION
control field 20260525154054.0
008 - FIXED-LENGTH DATA ELEMENTS--GENERAL INFORMATION
fixed length control field 260525b |||||||| |||| 00| 0 eng d
020 ## - INTERNATIONAL STANDARD BOOK NUMBER
International Standard Book Number 978-93-69149-15-5
040 ## - CATALOGING SOURCE
Transcribing agency SBCL
082 ## - DEWEY DECIMAL CLASSIFICATION NUMBER
Classification number 371.26
Item number GKP-U
100 ## - MAIN ENTRY--PERSONAL NAME
Personal name GKP Editorial Team
245 ## - TITLE STATEMENT
Title UPSC 2026
Remainder of title General studies Paper 1: 29 Years Topic Wise Solved papers
260 ## - PUBLICATION, DISTRIBUTION, ETC.
Place of publication, distribution, etc. New Delhi
Name of publisher, distributor, etc. Career Launcher Infrastructure
Date of publication, distribution, etc. 2026
630 ## - SUBJECT ADDED ENTRY--UNIFORM TITLE
General subdivision Social sciences
-- Education
-- Schools & their activities; special education
942 ## - ADDED ENTRY ELEMENTS (KOHA)
Koha item type BOOK
Holdings
Withdrawn status Lost status Source of classification or shelving scheme Damaged status Use restrictions Not for loan Home library Current library Date acquired Cost, normal purchase price Total Checkouts Full call number Barcode Shelving location Date last seen Price effective from Koha item type
    Dewey Decimal Classification   RESTRICTED   SB LIBRARY SB LIBRARY 25/05/2026 550.00   371.26 GKP-U 143616 REFERENCE READING ROOM 25/05/2026 25/05/2026 BOOK

Powered by Koha